| 000 | 00569nam a2200193 i 4500 | ||
|---|---|---|---|
| 001 | 31802 | ||
| 003 | ES-MaACL | ||
| 005 | 20250526063005.0 | ||
| 007 | t| | ||
| 008 | 030130s1970 sp ||||1| spa d | ||
| 100 | 1 |
_aBeckett, Samuel, _d1906-1989 _9240713 |
|
| 245 | 1 | 3 |
_aEl innombrable / _cSamuel Beckett ; traducción de R. Santos Torroella. |
| 250 | _a3ª ed. | ||
| 260 |
_aBarcelona : _bLumen, _c[1970] |
||
| 300 |
_a267 p. ; _c19 cm. |
||
| 700 | 1 |
_aSantos Torroella, Rafael. _9103536 |
|
| 852 |
_aES-MaACL _jC-40240 _bR.73409 |
||
| 999 |
_c31802 _d31802 |
||